000 00439nam a2200205Ia 4500
001 13133
003 GE_BSU
008 181216s||||||||xx |||||||||||||| ||und||
020 _a0340792353
040 _cGE_BSU
080 _a821.111-32
100 _aKing,Stephen.
245 _aDreamcatcher.
260 _aLondon.
260 _bHodder & Stoughton.
260 _c2001
300 _a599p;24cm.
653 _aDreamcatcher.
942 _cBK
999 _c46297
_d46297